000 nam a22 7a 4500
999 _c9037
_d9037
005 20220105004224.0
008 220105b xxu||||| |||| 00| 0 eng d
020 _a9780785195672
_bpaperback
040 _beng
_cAPEC Schools Library
_erda
082 _aFIC
_bS6346c 2016
100 _aSlott, Dan
245 _aCivil war /
_cDan Slott
264 _aNew York ;
_bMarvel Worldwide, Inc.,
_c©2016.
300 _a[unpaged],
_bcolored illustrations.
336 _2rdacontent
_atext
337 _2rdamedia
_aunmediated
338 _2rdacarrier
_avolume
942 _2ddc
_cFIC